000 00284nam a22001337a 4500
008 170627b xxu||||| |||| 00| 0 eng d
020 _a088598567
041 _aeng
080 _a05
100 _a21
101 _aGJL
245 _aWRITING AND THE WRITER
_cSMITH,F
942 _2udc
_cBK
999 _c19254
_d19254